| 000 | 00697cab a2200229 4500 | ||
|---|---|---|---|
| 001 | ABS57830 | ||
| 008 | 090401t1997 xxu||||| |||| 00| 0 eng d | ||
| 035 | _a(Sirsi) u81574 | ||
| 041 | _aeng | ||
| 100 | _aKirkwood, J. | ||
| 245 | _aInvestment made simple | ||
| 260 | _c1997 | ||
| 350 | _a0 | ||
| 490 |
_aEstates Gazette _v(9740) 4 October 1997, 142-144(3) |
||
| 520 | _aEvaluates Prime Investor for Windows by Systemslink Three which is an investment valuations program designed for valuing single properties. | ||
| 650 | _aPROPERTY VALUATIONS | ||
| 650 | _aSOFTWARE PACKAGES | ||
| 650 | _aVALUATION SOFTWARE | ||
| 690 | _aRATING AND VALUATION | ||
| 942 | _n0 | ||
| 948 | _c21/10/1997 | ||
| 999 |
_c51406 _d51406 |
||